A Quiz About Derby - Statistics

General Stats
  • This quiz has been taken 244 times
    5 since last reset
  • The average score is 19 of 30
Answer Stats
Hint Answer % Correct
Bakery chain established in 1919; known for their caramel doughnuts Birds
100%
The city's main shopping centre Derbion
100%
River that flows through the city Derwent
100%
Nurse who has three statues commemorating her in the city Florence Nightingale
100%
Word that follows Iron, Friar, Sadler, and St Mary's Gate
100%
Western suburbs that both end in 'over' {Mickle}over
100%
Derby County's traditional rival Nottingham Forest
100%
Animal mascot Ram
100%
Manufacturer of jet engines Rolls-Royce
100%
Stereotypical local greeting Ay up me duck
80%
And before that?! Eagle Centre
80%
What was it called before that? Intu Derby
80%
Western suburbs that both end in 'over' {Little}over
80%
A plurality of this area's residents are of South Asian origin Normanton
80%
Home ground of Derby County F.C. Pride Park
80%
Famous video game character created by a Derby developer Lara Croft
60%
Building often described as the birthplace of the Industrial Revolution Lombe's Mill
60%
And before that? Westfield Derby
60%
Year in which Derby was granted city status 1977
40%
Jacobite pretender who marched from Scotland but turned around at Derby Charles Edward Stuart
40%
The world's first planned public park Derby {Arboretum}
40%
18th-century painter known for his dramatic use of light and shadow Joseph Wright
40%
Company that was the city's biggest employer in the early 20th century {Midland} Railway
40%
England's oldest remaining porcelain manufacturer {Royal} {Crown} Derby
40%
'Lady of the Mercians' who recaptured Derby from the Danes in 917 AD Æthelflæd
20%
City centre area home to many arts and cultural venues {Cathedral} {Quarter}
20%
Roman settlement on the site of the modern city Derventio
20%
Founder of Quakerism who was imprisoned for blasphemy in Derby Gaol George Fox
20%
The city's most visited park Markeaton Park
20%
Anglo-Saxon name for the town prior to its Viking occupation Northworthy
20%
No matching quizzes found
Score Distribution
Percent of People with Each Score
Percentile by Number Answered
Your Score History
You have not taken this quiz since the last reset